000 00636nam a2200229Ia 4500
001 16984
003 GE_BSU
008 181216s||||||||xx |||||||||||||| ||und||
040 _cGE_BSU
080 _a821.353.1-1
100 _aბერულავა, ხუტა
245 _aრუსული გული
245 _bპოემა
245 _cრედ.ლ.თურმანიძე
260 _aთბილისი
260 _bსაბჭ.მწერალი
260 _c1954
300 _a103გვ. ; 17სმ
653 _aპოემა
653 _aრუსული გული
942 _cBK
999 _c50046
_d50046